000
00267nam a22001217a 4500
008
181009b xxu||||| |||| 00| 0 eng d
041
_a
eng
080
_a
710
100
_a
44
101
_a
ART
245
_a
Italian Baroque Painting
_c
Waterhouse,E
942
_2
udc
_c
BK
999
_c
49245
_d
49245